000 01201nam a2200265Ia 4500
999 _c54890
_d54890
001 21959
003 GE_BSU
005 20220913131110.0
008 181216s ||||ge |||||||||||||| ||geo||
020 _a978-9941-13-112-7
040 _cGE_BSU
041 _ageo
080 _a821.353.1.09-1 პ-14
100 _aპაიჭაძე, თამარ
_95669
245 _aქართველი ლირიკოსები : I(1900-1950)= Georgian lyric poets :
_b მონოგრაფია /
_cთამარ პაიჭაძე ; რედ. ბელა წიფურია,
264 _aთბილისი :
_bთბილ. უნ-ტის გამ-ბა,
_c200.
300 _a287გვ. ;
_c20 სმ.
504 _aბიბლიოგრაფია გვ. : 282-287
541 _h10ლ.
653 _aქართველი ლირიკოსები = Georgian lyric poets
653 _aქართული ლიტერატურა
653 _aქართული პოეზიის ისტორია და კრიტიკა
700 _aწიფურია, ბელა
_eრედაქტორი
_92692
942 _cBK
_2udc